000 00223nam a2200097Ia 4500
008 120527s9999 xx 000 0 und d
100 _aJOHNSON,Colin.
245 _aRecent advances in Surgery.
260 _bRSM.
942 _cBK
999 _c23795
_d23795